| 000 | 01517nam a2200397 c 4500 | ||
|---|---|---|---|
| 001 | 58910 | ||
| 003 | CO-BoRNBP | ||
| 005 | 20250829164229.0 | ||
| 007 | ta | ||
| 008 | 210827s2017 ck er 000 0dspa d | ||
| 020 | _a9789586654340 | ||
| 040 |
_aCO-BoRNBP _bspa _erda _cCO-BoRNBP |
||
| 041 | 1 |
_aspa _hpor |
|
| 082 | 0 | 4 |
_a321.8 _bS15d _222 |
| 100 | 1 |
_aSousa Santos, Boaventura De, _d1940- _eaut _964372 |
|
| 245 | 1 | 0 |
_aDemocracia y transformación social / _cBoaventura de Sousa Santos ; traducción Antoni Aguiló, José Luis Exeni, Rodolfo Alpízar, Jineth Ardila. |
| 250 | _a1a. edición | ||
| 264 | 1 |
_aBogotá, Colombia : _bSiglo del Hombre Editores, _c2017 |
|
| 300 | _a303 páginas | ||
| 336 |
_atexto _btxt _2rdacontent |
||
| 337 |
_asin mediación _bn _2rdamedia |
||
| 338 |
_avolumen _bnc _2rdacarrier |
||
| 490 | 0 | _aBiblioteca universitaria de ciencias sociales y humanidades. Filosofía política y del derecho | |
| 504 | _aIncluye referencias bibliográficas | ||
| 521 | _aRecomendado para un público adulto | ||
| 534 | _tDemocracia e transformação social | ||
| 545 | _aIncluye datos biográficos del autor en la solapa | ||
| 650 | 0 | 7 |
_aDemocracia _zPortugal _2lemb _964373 |
| 650 | 0 | 4 |
_aRégimenes políticos _zPortugal _2LEMB _964374 |
| 651 | 0 |
_aPortugal _xPolítica y gobierno _964375 |
|
| 700 |
_aAguiló, Antoni _etrl _964376 |
||
| 700 |
_aAlpízar, Rodolfo _etrl _964377 |
||
| 700 |
_aArdila, Jineth _etrl _964378 |
||
| 700 |
_aExeni Rodríguez, José Luis _etrl _964379 |
||
| 942 |
_2ddc _cBK |
||
| 999 |
_c58910 _d58910 |
||